| 000 | 00370nam a2200145Ia 4500 | ||
|---|---|---|---|
| 008 | 221030s9999 xx 000 0 und d | ||
| 041 | _aEnglish | ||
| 082 |
_a105.23 _bDha |
||
| 100 | _aR. K. Dhawan | ||
| 245 | 2 |
_aA Text Book of Engineering Drawing _cby R. K. Dhawan |
|
| 260 |
_bS.K Kataria & Sons _aNew Delhi _c0 |
||
| 300 | _a540 | ||
| 650 | _aMechanical | ||
| 942 | _cBK | ||
| 999 |
_c2516 _d2516 |
||